La ciudad en la historia: sus orígenes, transformaciones y perspectivas

Збережено в:
Бібліографічні деталі
Автор: Mumford, Lewis (autor)
Формат: Книга
Мова:Іспанська
Опубліковано: Logroño Pepitas de Calabaza 2012
Редагування:1a. ed
Предмети:
Теги: Додати тег
Немає тегів, Будьте першим, хто поставить тег для цього запису!

MARC

LEADER 00000cam a2200000 a 4500
001 UCE0527
003 CL-VaPUC
008 140124e20120600sp |||||||||||||||||spa|d
020 |a 9788493943783 
082 0 4 |a 307.76  |b MUM  |2 21 
100 |a Mumford, Lewis  |e autor  |9 869690 
245 1 3 |a La ciudad en la historia: sus orígenes, transformaciones y perspectivas 
250 |a 1a. ed 
300 |a 1158 p 
942 |c BK 
945 |d 20140124 15:34:00  |a dcastane 
260 |a Logroño  |b Pepitas de Calabaza  |c 2012 
650 0 |a Ciudades y pueblos  |9 265139 
650 7 |a DESARROLLO URBANO  |2 CL-VaPUC  |9 572854 
650 0 |a Crecimiento urbano  |9 267691 
650 0 |a Planificación urbana   |9 258176 
583 |a last modification  |c 20140124 15:34:00  |k Rodrigo Vera 
999 |c 354616  |d 354614 
952 |0 0  |1 0  |3 erd  |4 0  |6 307_760000000000000_MUM_2012  |7 0  |8 X  |9 460583  |a FDOBUD  |b FDOBUD  |i 503485K  |o 307.76 MUM 2012  |p 503485K  |r 2019-11-23  |w 2019-11-23  |y BK_X  |z Catalogado en:20140124  |k BUD 
952 |0 0  |1 0  |3 erd  |4 0  |6 307_760000000000000_MUM_2012  |7 0  |8 A  |9 460584  |a BIBHIS  |b BIBHIS  |i 5376440  |l 2  |m 2  |o 307.76 MUM 2012  |p 5376440  |r 2025-01-20  |s 2021-10-12  |w 2019-11-23  |y BK  |z Catalogado en:20170519  |k HIS